[Event "Edmonton-ch"]
[Site "Edmonton"]
[Date "2019.01.31"]
[Round "2.2"]
[White "Villavieja, Butch"]
[Black "Kalisvaart, Peter"]
[Result "0-1"]
[WhiteElo "2166"]
[BlackElo "2090"]
[PlyCount "108"]
[EventDate "2019.01.10"]
[EventType "swiss"]
[EventRounds "4"]
[EventCountry "CAN"]
[SourceTitle "EXT 2022"]
[Source "ChessBase"]
[SourceDate "2021.10.06"]
[SourceVersion "1"]
[SourceVersionDate "2021.10.06"]
[SourceQuality "1"]

1. Nf3 Nc6 2. d4 d5 3. e3 Bg4 4. Be2 e6 5. 0-0 Nf6 6. Nbd2 Be7 7. c4 0-0 8. a3 a5 9. b3 Ne4 10. Nxe4 dxe4 11. Nd2 Bxe2 12. Qxe2 f5 13. f4 Nxd4 14. Qf2 Bf6 15. Rb1 Nc6 16. Qe2 Qd3 17. Qxd3 exd3 18. Bb2 e5 19. e4 exf4 20. Bxf6 Rxf6 21. Rxf4 Nd4 22. Rf2 Re8 23. exf5 Rxf5 24. Rxf5 Nxf5 25. Nf3 Ne3 26. Kf2 a4 27. bxa4 Nxc4 28. Rxb7 Re2+ 29. Kg3 d2 30. Rb8+ Kf7 31. Rd8 Nd6 32. Nxd2 Rxd2 33. Rd7+ Kf6 34. Rxc7 Rd3+ 35. Kf2 Rxa3 36. Ra7 Ne4+ 37. Kf1 Ra1+ 38. Ke2 Rxa4 39. Rc7 Ra2+ 40. Kf3 Ng5+ 41. Kg3 Ne6 42. Rb7 h5 43. Rb6 g5 44. h3 Rd2 45. Kf3 Ke5 46. Rb5+ Rd5 47. Rb8 Rd3+ 48. Kf2 Rd2+ 49. Kf1 Kf4 50. Kg1 Nd4 51. Rg8 g4 52. hxg4 hxg4 53. Re8 Kg3 54. Re3+ Nf3+ 0-1

[Event "Edmonton-ch"]
[Site "Edmonton"]
[Date "2018.02.01"]
[Round "3.1"]
[White "Kalisvaart, Peter"]
[Black "Arruebarrena Rodriguez, Rafael"]
[Result "0-1"]
[WhiteElo "2092"]
[BlackElo "2251"]
[PlyCount "114"]
[EventDate "2018.01.04"]
[EventType "k.o."]
[EventRounds "4"]
[EventCountry "CAN"]
[SourceTitle "EXT 2024"]
[Source "ChessBase"]
[SourceDate "2023.10.10"]
[SourceVersion "1"]
[SourceVersionDate "2023.10.10"]
[SourceQuality "1"]

1. d4 Nf6 2. c4 g6 3. Nc3 d5 4. cxd5 Nxd5 5. e4 Nxc3 6. bxc3 Bg7 7. Be3 c5 8. Qd2 Qa5 9. Rb1 a6 10. Bd3 Nc6 11. Ne2 0-0 12. f4 Bg4 13. Rxb7 Rab8 14. Rxb8 Rxb8 15. Nc1 cxd4 16. cxd4 Qxd2+ 17. Kxd2 Nxd4 18. Bxd4 Bxd4 19. Bxa6 Rb2+ 20. Kd3 Bg7 21. g3 e5 22. Bc4 exf4 23. gxf4 Rf2 24. h3 Rf3+ 25. Kd2 Bxh3 26. Nd3 Bf1 27. a4 Bxd3 28. Bxd3 Rxf4 29. Ke3 Rf6 30. a5 Rd6 31. a6 Bd4+ 32. Ke2 h5 33. Bc4 Kg7 34. Rf1 Rd7 35. Bd5 f6 36. Rd1 Ba7 37. Kf3 Re7 38. Rb1 g5 39. Rc1 g4+ 40. Kg3 Kg6 41. Rc8 Rg7 42. Kf4 Bb6 43. Bb7 Bg1 44. Rc2 Rc7 45. Rxc7 Bh2+ 46. Ke3 Bxc7 47. e5 fxe5 48. Ke4 Bb8 49. a7 Bxa7 50. Kxe5 Kg5 51. Bg2 h4 52. Ke4 h3 53. Bf1 Kh4 54. Kf4 g3 55. Kf3 Bb6 56. Bg2 hxg2 57. Kxg2 Bc7 0-1

[Event "Edmonton-ch"]
[Site "Edmonton"]
[Date "2018.01.18"]
[Round "2.1"]
[White "Kalisvaart, Peter"]
[Black "Villavieja, Butch"]
[Result "1-0"]
[WhiteElo "2092"]
[BlackElo "2075"]
[PlyCount "61"]
[EventDate "2018.01.04"]
[EventType "k.o."]
[EventRounds "4"]
[EventCountry "CAN"]
[SourceTitle "EXT 2024"]
[Source "ChessBase"]
[SourceDate "2023.10.10"]
[SourceVersion "1"]
[SourceVersionDate "2023.10.10"]
[SourceQuality "1"]

1. d4 Nf6 2. Bg5 Ne4 3. h4 d5 4. Nd2 Bf5 5. e3 c6 6. Bd3 Qa5 7. Ngf3 Nd7 8. Kf1 e6 9. Bf4 Ndf6 10. Nb3 Qd8 11. Ne5 Bd6 12. f3 Bxe5 13. dxe5 Nh5 14. fxe4 Bg6 15. g4 Nxf4 16. exf4 h6 17. f5 Bh7 18. Qf3 dxe4 19. Bxe4 exf5 20. Bxf5 Bxf5 21. gxf5 Qb6 22. Rd1 0-0 23. Rg1 Rad8 24. f6 Qb5+ 25. Rd3 g6 26. e6 Rd5 27. e7 Re8 28. Rxg6+ Kh7 29. Rg7+ Kh8 30. Qe4 Rf5+ 31. Kg2 1-0

[Event "Edmonton op qual 12th"]
[Site "Edmonton"]
[Date "2017.04.29"]
[Round "1"]
[White "Rohatynski, Jordan"]
[Black "Kalisvaart, Peter"]
[Result "1/2-1/2"]
[WhiteElo "1591"]
[BlackElo "2089"]
[PlyCount "92"]
[EventDate "2017.04.29"]
[EventType "swiss"]
[EventRounds "5"]
[EventCountry "CAN"]
[SourceTitle "EXT 2019"]
[Source "ChessBase"]
[SourceDate "2018.10.10"]
[SourceVersion "1"]
[SourceVersionDate "2018.10.10"]
[SourceQuality "1"]

1. Nf3 Nc6 2. c4 e5 3. Nc3 g6 4. a3 Bg7 5. g3 Nge7 6. e4 0-0 7. b4 d6 8. Bb2 Bg4 9. h3 Bxf3 10. Qxf3 Nd4 11. Qd1 f5 12. Bg2 f4 13. Nd5 Nxd5 14. Bxd4 exd4 15. cxd5 f3 16. Bf1 c6 17. Bc4 b5 18. Bb3 c5 19. d3 cxb4 20. axb4 a5 21. bxa5 Rxa5 22. 0-0 Rxa1 23. Qxa1 Qd7 24. Kh2 h5 25. Qc1 Qe7 26. h4 Kh7 27. Qc6 Be5 28. Kh3 g5 29. hxg5 Qxg5 30. Qd7+ Kh8 31. Ra1 Rg8 32. Ra7 Rg7 33. Ra8+ Kh7 34. Qf5+ Qxf5+ 35. exf5 Rf7 36. g4 hxg4+ 37. Kxg4 Kg7 38. Rb8 Kf6 39. Rg8 Rg7+ 40. Rxg7 Kxg7 41. Kxf3 b4 42. Kg4 Bf6 43. Kh5 Be5 44. f3 Bf4 45. Kg4 Bc1 46. f4 Kf6 1/2-1/2

[Event "Vlissingen HZ op 20th"]
[Site "Vlissingen"]
[Date "2016.08.07"]
[Round "2"]
[White "Maris, Ivo"]
[Black "Kalisvaart, Peter"]
[Result "0-1"]
[WhiteElo "2370"]
[BlackElo "2059"]
[PlyCount "128"]
[EventDate "2016.08.06"]
[EventType "swiss"]
[EventRounds "9"]
[EventCountry "NED"]
[SourceTitle "CBM 173 Extra"]
[Source "ChessBase"]
[SourceDate "2016.08.29"]
[SourceVersion "1"]
[SourceVersionDate "2016.08.29"]
[SourceQuality "1"]

1. d4 d5 2. Bf4 Nf6 3. Nf3 e6 4. e3 Be7 5. h3 0-0 6. Nbd2 c5 7. c3 b6 8. Ne5 Bb7 9. Qc2 Nc6 10. Bd3 c4 11. Be2 Nxe5 12. Bxe5 b5 13. 0-0 a5 14. Bf3 Qb6 15. e4 Nxe4 16. Nxe4 dxe4 17. Bxe4 Bxe4 18. Qxe4 Bd6 19. f4 Rad8 20. Rae1 b4 21. Bxd6 Rxd6 22. f5 exf5 23. Qxf5 g6 24. Qf4 Re6 25. Re5 Rxe5 26. Qxe5 bxc3 27. bxc3 Rc8 28. Qd5 Qc7 29. Rf6 Re8 30. Kf1 Re3 31. h4 h5 32. Qc5 Qxc5 33. dxc5 Re5 34. Rf4 Rxc5 35. a4 Kf8 36. Kf2 Ke7 37. Ke3 g5 38. Re4+ Kd6 39. Kd4 gxh4 40. Rxh4 Rf5 41. Kxc4 Rc5+ 42. Kb3 Rg5 43. Rd4+ Kc6 44. Rd2 h4 45. Rd4 Rxg2 46. Rc4+ Kd5 47. Rxh4 f5 48. Rh5 Ke4 49. Kc4 Ra2 50. Kb5 Rb2+ 51. Kxa5 f4 52. Rh1 f3 53. c4 Kd4 54. Rc1 Kc5 55. Ka6 f2 56. a5 Re2 57. Rf1 Kc6 58. Ka7 Re7+ 59. Kb8 Re8+ 60. Ka7 Rf8 61. c5 Kxc5 62. Ka6 Rf6+ 63. Kb7 Kb5 64. a6 Rf7+ 0-1

[Event "Maastricht Limburg op-A 9th"]
[Site "Maastricht"]
[Date "2015.05.25"]
[Round "7"]
[White "Kalisvaart, Peter"]
[Black "Huesmann, Thomas"]
[Result "1/2-1/2"]
[WhiteElo "2101"]
[BlackElo "2224"]
[PlyCount "59"]
[EventDate "2015.05.22"]
[EventType "swiss"]
[EventRounds "7"]
[EventCountry "NED"]
[SourceTitle "CBM 166 Extra"]
[Source "ChessBase"]
[SourceDate "2015.06.18"]
[SourceVersion "1"]
[SourceVersionDate "2015.06.18"]
[SourceQuality "1"]

1. d4 f5 2. Bg5 h6 3. Bh4 g5 4. e3 Nf6 5. Bg3 Bg7 6. Nc3 d6 7. Qd2 Nc6 8. 0-0-0 0-0 9. h4 g4 10. Nge2 e6 11. Nf4 Ne7 12. f3 h5 13. fxg4 hxg4 14. Kb1 a6 15. Bd3 d5 16. h5 Bh6 17. Ng6 Nxg6 18. hxg6 Bg7 19. Ne2 b6 20. Be5 c5 21. c3 c4 22. Bc2 Ra7 23. Qe1 Ne8 24. Qh4 Qxh4 25. Rxh4 Bf6 26. Rh2 Kg7 27. Nf4 Rh8 28. Rdh1 Rxh2 29. Rxh2 Kg8 30. b3 1/2-1/2

[Event "Edmonton-B 8th"]
[Site "Edmonton"]
[Date "2013.06.23"]
[Round "1"]
[White "Zill, Christoph"]
[Black "Kalisvaart, Peter"]
[Result "1-0"]
[WhiteElo "2214"]
[BlackElo "2198"]
[PlyCount "105"]
[EventDate "2013.06.23"]
[EventType "tourn"]
[EventRounds "5"]
[EventCountry "CAN"]
[SourceTitle "EXT 2014"]
[Source "ChessBase"]
[SourceDate "2013.11.20"]
[SourceVersion "1"]
[SourceVersionDate "2013.11.20"]
[SourceQuality "1"]

1. e4 e5 2. Nf3 Nc6 3. Bc4 Nf6 4. d4 exd4 5. e5 d5 6. Bb5 Ne4 7. Nxd4 Bd7 8. Bxc6 bxc6 9. 0-0 Bc5 10. Be3 Qe7 11. f3 Ng5 12. f4 Ne4 13. Nd2 0-0 14. Nxe4 dxe4 15. Qe2 f6 16. Nb3 Bxe3+ 17. Qxe3 fxe5 18. Qxe4 Rae8 19. Rae1 Qh4 20. g3 Qh5 21. Qc4+ Be6 22. Qxc6 Bh3 23. Qd5+ Kh8 24. Rf3 Rd8 25. Qc6 exf4 26. Rxf4 Rxf4 27. gxf4 Qg4+ 28. Kh1 Qe2 29. Rg1 Be6 30. Nd4 Qc4 31. Qxe6 Qxd4 32. Qe5 Qd7 33. Re1 h6 34. Qe4 Qg4 35. Rg1 Rd1 36. Rxd1 Qxd1+ 37. Kg2 Qd2+ 38. Kg3 Qc1 39. Qe8+ Kh7 40. Qe4+ Kg8 41. b3 Qg1+ 42. Qg2 Qe3+ 43. Qf3 Qg1+ 44. Kh3 Kf7 45. a4 g6 46. f5 g5 47. Qd5+ Kf8 48. Qd8+ Kf7 49. Qd7+ Kf8 50. Qc8+ Kg7 51. Qd7+ Kf8 52. Qxc7 h5 53. Qd6+ 1-0

[Event "Edmonton-ch"]
[Site "Edmonton"]
[Date "2012.01.12"]
[Round "1.2"]
[White "Kalisvaart, Peter"]
[Black "Kassam, Jamil"]
[Result "1-0"]
[WhiteElo "2078"]
[BlackElo "1897"]
[PlyCount "77"]
[EventDate "2012.01.05"]
[EventType "k.o."]
[EventRounds "4"]
[EventCountry "CAN"]
[SourceTitle "EXT 2019"]
[Source "ChessBase"]
[SourceDate "2018.10.10"]
[SourceVersion "1"]
[SourceVersionDate "2018.10.10"]
[SourceQuality "1"]

1. d4 Nf6 2. Nf3 g6 3. g3 Bg7 4. Bg2 d6 5. 0-0 0-0 6. b3 Nc6 7. Bb2 Bd7 8. c4 Qe8 9. Nc3 a5 10. a3 e5 11. dxe5 dxe5 12. Nd5 Nxd5 13. cxd5 Na7 14. e4 Nb5 15. Rc1 Rc8 16. a4 Nd6 17. Nd2 Qe7 18. Ba3 b5 19. axb5 Bxb5 20. Re1 Qd7 21. Bf1 Bxf1 22. Rxf1 Rfd8 23. Rc5 Nb7 24. Rc6 Nd6 25. Qc2 Nb5 26. Bb2 Ra8 27. Nc4 Qe7 28. Ra1 f6 29. Na3 Qb4 30. Rc4 Nxa3 31. Bxa3 Qb6 32. Rxc7 Bf8 33. Qc4 Bd6 34. Rc6 Qb8 35. Bxd6 Rxd6 36. b4 Rxc6 37. dxc6+ Kg7 38. c7 Qc8 39. Rxa5 1-0

[Event "Edmonton-ch"]
[Site "Edmonton"]
[Date "2012.01.05"]
[Round "1.1"]
[White "Kassam, Jamil"]
[Black "Kalisvaart, Peter"]
[Result "1/2-1/2"]
[WhiteElo "1897"]
[BlackElo "2078"]
[PlyCount "74"]
[EventDate "2012.01.05"]
[EventType "k.o."]
[EventRounds "4"]
[EventCountry "CAN"]
[SourceTitle "EXT 2019"]
[Source "ChessBase"]
[SourceDate "2018.10.10"]
[SourceVersion "1"]
[SourceVersionDate "2018.10.10"]
[SourceQuality "1"]

1. e4 e5 2. Nf3 Nc6 3. Bc4 Nf6 4. d3 Bc5 5. Nc3 h6 6. Be3 Bxe3 7. fxe3 d6 8. Qd2 0-0 9. 0-0 Na5 10. Bb3 Nxb3 11. axb3 c6 12. Rae1 b5 13. Ne2 Re8 14. Ng3 d5 15. exd5 cxd5 16. e4 Bb7 17. exd5 Qxd5 18. Re2 a5 19. Rfe1 Qc5+ 20. d4 exd4 21. Qxd4 Qxd4+ 22. Nxd4 Rxe2 23. Rxe2 b4 24. Ngf5 a4 25. bxa4 Rxa4 26. c4 bxc3 27. bxc3 Ne4 28. h3 Nxc3 29. Re7 Bd5 30. Rc7 Ne4 31. Ne7+ Kh7 32. Nxd5 Rxd4 33. Ne3 Ng5 34. Nf5 Rf4 35. Nd6 h5 36. h4 Rxh4 37. Nxf7 Nxf7 1/2-1/2